|
|
|
|
| LEADER |
00912nab a2200229 i 4500 |
| 001 |
misc64660 |
| 005 |
20240226100822.0 |
| 008 |
220823s1994 hu o 000 eng d |
| 040 |
|
|
|a SZTE Miscellanea Repozitórium
|b hun
|
| 041 |
|
|
|a eng
|
| 100 |
1 |
|
|a Schütz Ödön
|
| 245 |
1 |
3 |
|a In memoriam Tibor Halasi-Kun
|h [elektronikus dokumentum] :
|b jan. 19, 1914 - oct. 19., 1991 /
|c Schütz Ödön
|
| 260 |
|
|
|a Akadémiai Kiadó
|b Budapest
|c 1994
|
| 300 |
|
|
|a 5-14
|c 24 cm
|
| 490 |
0 |
|
|a Acta Orientalia Academiae Scientiarum Hungaricae
|
| 561 |
|
|
|a Németh Gyula hagyaték
|
| 591 |
|
|
|a NOA 5404; XKEK 1908;OA 6983
|
| 650 |
|
4 |
|a Bölcsészettudományok
|
| 650 |
|
4 |
|a Történettudomány és régészet
|
| 650 |
|
4 |
|a Nyelvek és irodalom
|
| 695 |
|
|
|a Halasi-Kun Tibor, Turkológia - Magyarország - 20-21. sz. - életmű - életrajz
|
| 856 |
4 |
0 |
|u http://misc.bibl.u-szeged.hu/64660/1/5404_noa.pdf
|z Dokumentum-elérés
|